| 000 | 00374pam a2200133 a 4500 | ||
|---|---|---|---|
| 020 | _c | ||
| 041 | _h | ||
| 082 | _a658.4`04 | ||
| 100 |
_aBUTTRICK (Robert) _eauthor |
||
| 245 |
_aThe Project Workout: A Toolkit for reaping the rewards from all your business projects _hTextual Document |
||
| 260 |
_bPitman Publication London _c1997 |
||
| 300 | _aXXII,407 | ||
| 930 | _a11004 | ||
| 999 |
_c841762 _d841762 |
||